Financial services / (Record no. 77037)

MARC details
000 -LEADER
fixed length control field 00555nam a22002057a 4500
005 - DATE AND TIME OF LATEST TRANSACTION
control field 20130627142546.0
010 ## - LCCN (DPL NO)
LC control number ENG-107753
020 ## - INTERNATIONAL STANDARD BOOK NUMBER
International Standard Book Number 9781259026867
Terms of availability 509.00
020 ## - INTERNATIONAL STANDARD BOOK NUMBER
International Standard Book Number 1259026868
Terms of availability 509.00
035 ## - SYSTEM CONTROL NUMBER
System control number EN-91286
037 ## - SOURCE OF ACQUISITION
Source of stock number/acquisition DBAD/PUB
100 ## - MAIN ENTRY--PERSONAL NAME
Personal name Khan, M Y
245 ## - TITLE STATEMENT
Title Financial services /
Statement of responsibility, etc by M Y Khan
250 ## - EDITION STATEMENT
Edition statement 7th ed.
260 ## - PUBLICATION, DISTRIBUTION, ETC. (IMPRINT)
Name of publisher, distributor, etc Tata McGraw Hill
Date of publication, distribution, etc 2013
Place of publication, distribution, etc New Delhi
270 ## - ADDRESS
Address P-24, Green Park Extnsion
City New Delhi
Postal code 110016
300 ## - PHYSICAL DESCRIPTION
Extent verious pagings
Dimensions 24cm(pbk)
Other physical details ill.
500 ## - GENERAL NOTE
General note Includes index
942 ## - ADDED ENTRY ELEMENTS (KOHA)
Source of classification or shelving scheme Dewey Decimal Classification
Item type English Books
Call number suffix KHA
Holdings
Withdrawn status Lost status Not for loan Collection code Home library Current library Date acquired Source of acquisition Cost, normal purchase price Full call number Barcode Copy number Cost, replacement price Koha item type
    Not For Loan Non-fiction D.B.Act.Division D.B.Act.Division 27/06/2013 DBAD / PUB 509.00 KHA EN-91286 1 509.00 English Books

© Delhi Public Library
Hit Counter
free hit counter